000 00761nam a2200253Ia 4500
003 OSt
005 20221005092846.0
006 a|||||r|||| 00| 0
007 ta
008 221004b |||||||| |||| 00| 0 eng d
020 _a9780791468791 (hbk)
_c3030.94
024 _a102988
037 _b503, 25/02/2010, Bhagwati Book Seller
_cTextual
040 _aCRL
_cCRL
_beng
041 _2eng
_aeng
082 _aR4, P6
100 _aWeissman David
_977742
245 0 _aCage
_b Must, should, and ought from is
260 _aNew York
_bState University of New Press U.S.A
_c2006
300 _aix, 298p.
_ccm.
650 _aPHILOSOPHY
942 _hR4, P6
_cTEXL
_2cc
999 _c999483
_d999483